| 000 | 00577 a2200217 4500 | ||
|---|---|---|---|
| 999 |
_c200131196 _d15659 |
||
| 001 | 200131196 | ||
| 003 | TR-AnTOB | ||
| 005 | 20200127160951.0 | ||
| 008 | 140114b tu 000 0 | ||
| 040 |
_aTR-AnTOB _cTR-AnTOB |
||
| 041 | _atur | ||
| 050 | 0 | 0 |
_aDR589 _bK35 2007 |
| 090 | _aDR589. K35 2007 | ||
| 100 |
_aKeskinok, Kayıhan _d1923-2015 _995319 |
||
| 245 | 0 | 0 |
_aKuvayi Milliye / _cKayıhan Keskinok. |
| 264 | 1 |
_aİstanbul:|: _bDoğan, _c2007 |
|
| 300 |
_a17 p. ; _c13 cm |
||
| 651 | 0 |
_aTurkey _xHistory _yRevolution, 1918-1923 _941590 |
|
| 942 |
_cBK _2lcc |
||